[Event "Wirtzfeld - Eynatten2"]
[Site "?"]
[Date "2012.12.16"]
[Round "6.6"]
[White "Ris, Robert"]
[Black "Andok, Claus Michael"]
[Result "1/2-1/2"]
[WhiteElo "2415"]
[BlackElo "2099"]
[PlyCount "61"]
[EventDate "2012.12.15"]

1. d4 e6 2. c4 f5 3. g3 Nf6 4. Bg2 Bb4+ 5. Bd2 Qe7 6. Nc3 O-O 7. Nf3 d6 8. a3
Bxc3 9. Bxc3 Nbd7 10. O-O Ne4 11. Rc1 Ndf6 12. Be1 b6 13. b4 Bb7 14. Qb3 Qe8
15. Ng5 Rb8 16. Nh3 h6 17. c5 Bd5 18. Qd3 Ng5 19. f3 Nxh3+ 20. Bxh3 b5 21. Bf2
Bc4 22. Qc2 a6 23. Rfe1 Qh5 24. Bg2 Rf7 25. a4 Rbf8 26. axb5 axb5 27. Ra1 g5
28. Ra7 Bd5 29. Qd3 Bc4 30. Qc2 Bd5 31. Qd3 1/2-1/2

[Event "Wirtzfeld - Eynatten2"]
[Site "?"]
[Date "2012.12.16"]
[Round "6.4"]
[White "Popovic, Petar"]
[Black "Vanstreels, Luk"]
[Result "1/2-1/2"]
[WhiteElo "2481"]
[BlackElo "2122"]
[PlyCount "87"]
[EventDate "2012.12.15"]

1. e4 c6 2. d3 d5 3. Nd2 e5 4. Ngf3 Bd6 5. g3 Nf6 6. Bg2 O-O 7. O-O Re8 8. h3
Nbd7 9. Nh4 Nf8 10. Kh1 Be6 11. Qf3 Qd7 12. Nf5 Bxf5 13. Qxf5 Qxf5 14. exf5 Re7
15. Re1 Rae8 16. Kg1 h5 17. Nf1 g6 18. fxg6 fxg6 19. Bd2 Ne6 20. Rac1 Nd4 21.
c3 Nf5 22. c4 e4 23. cxd5 cxd5 24. Bg5 Kf7 25. dxe4 dxe4 26. Ne3 Nxe3 27. Bxe3
a6 28. Red1 Be5 29. b4 Ke6 30. Rc4 Rc7 31. Rc5 Rxc5 32. Bxc5 Rc8 33. Re1 Kf5
34. a3 a5 35. Be7 axb4 36. axb4 Rc4 37. Bc5 Rc2 38. Rd1 Rb2 39. Re1 Bc3 40. Rd1
Bxb4 41. Bd4 Rd2 42. Rxd2 Bxd2 43. Bxf6 Kxf6 44. Bxe4 1/2-1/2

[Event "Wirtzfeld - Eynatten2"]
[Site "?"]
[Date "2012.12.16"]
[Round "6.2"]
[White "Rotstein, Arkadij"]
[Black "Maes, Valeer"]
[Result "1-0"]
[WhiteElo "2510"]
[BlackElo "2179"]
[PlyCount "75"]
[EventDate "2012.12.15"]

1. g3 d5 2. Bg2 c6 3. d3 Nf6 4. Nd2 e5 5. Ngf3 Bd6 6. e4 O-O 7. O-O Re8 8. Re1
Bc7 9. c3 Nbd7 10. Qc2 a5 11. b3 b6 12. Bb2 Bb7 13. Rad1 dxe4 14. dxe4 Qe7 15.
Nc4 b5 16. Ne3 g6 17. c4 b4 18. Nh4 Nc5 19. Bc1 Nh5 20. Qe2 Ng7 21. Ng4 f6 22.
Be3 Nge6 23. Nf5 gxf5 24. exf5 Kh8 25. fxe6 Nxe6 26. Nh6 Ng7 27. Be4 Rad8 28.
Qf3 Rxd1 29. Rxd1 Qe6 30. c5 Rf8 31. Nf5 Ne8 32. Qh5 Qf7 33. Qh6 Rg8 34. Qh3
Bc8 35. Qf1 Qe6 36. Nh6 Ng7 37. Nxg8 Kxg8 38. Qc4 1-0

[Event "Wirtzfeld - Eynatten 1"]
[Site "?"]
[Date "2012.11.18"]
[Round "4.8"]
[White "Hautot, Stéphane"]
[Black "Gohla, Ulf"]
[Result "1-0"]
[WhiteElo "2401"]
[BlackElo "2191"]
[PlyCount "63"]
[EventDate "2012.??.??"]

1. e4 e5 2. Nf3 Nc6 3. d4 exd4 4. Bc4 Nf6 5. e5 d5 6. Bb5 Ne4 7. Nxd4 Bd7 8.
Bxc6 bxc6 9. O-O Bc5 10. f3 Ng5 11. f4 Ne4 12. Be3 Rb8 13. Nd2 Nxd2 14. Qxd2
O-O 15. Nb3 Bb6 16. a4 Bf5 17. a5 Bxe3+ 18. Qxe3 Rb4 19. Qxa7 Bxc2 20. Nd4 Ba4
21. b3 Bb5 22. Qc5 Rxd4 23. Qxd4 Bxf1 24. Rxf1 f6 25. b4 fxe5 26. fxe5 Rxf1+
27. Kxf1 Qf8+ 28. Kg1 Qf5 29. Qa1 Qe4 30. a6 Qe3+ 31. Kh1 Qa7 32. e6 1-0

[Event "Wirtzfeld - Eynatten 1"]
[Site "?"]
[Date "2012.11.18"]
[Round "4.6"]
[White "Gulbas, Cemil"]
[Black "Zelbel, Patrick"]
[Result "0-1"]
[WhiteElo "2436"]
[BlackElo "2425"]
[PlyCount "62"]
[EventDate "2012.??.??"]

1. e4 c5 2. Nf3 d6 3. d4 cxd4 4. Nxd4 Nf6 5. Nc3 g6 6. Be3 Bg7 7. f3 Nc6 8. Qd2
O-O 9. Bc4 Bd7 10. O-O-O Rc8 11. Bb3 Nxd4 12. Bxd4 b5 13. Bxa7 b4 14. Ne2 Qa5
15. Bd4 Ba4 16. Bxa4 Qxa4 17. Kb1 e5 18. b3 Qc6 19. Bb2 d5 20. Ng3 Rfd8 21. Qe2
Qc7 22. Rd3 d4 23. Qd2 Bh6 24. Qd1 Ra8 25. Ne2 Qa5 26. Nc1 Ne8 27. g3 Nd6 28.
Rf1 Nb5 29. f4 Nc3+ 30. Bxc3 bxc3 31. a4 Rdb8 0-1

[Event "Wirtzfeld - Eynatten 1"]
[Site "?"]
[Date "2012.11.18"]
[Round "4.4"]
[White "Orlov, Andrey"]
[Black "Hammes, Michael"]
[Result "1/2-1/2"]
[WhiteElo "2527"]
[BlackElo "2427"]
[PlyCount "120"]
[EventDate "2012.??.??"]

1. e4 e6 2. d4 d5 3. Nc3 Bb4 4. Nge2 dxe4 5. a3 Bxc3+ 6. Nxc3 Nc6 7. d5 exd5 8.
Qxd5 Be6 9. Qxe4 Nf6 10. Qh4 Qd4 11. Bg5 O-O-O 12. Qxd4 Nxd4 13. O-O-O Bf5 14.
Rd2 Ne6 15. Rxd8+ Rxd8 16. Bxf6 gxf6 17. Be2 Nd4 18. Bd1 Rd6 19. Ne2 Nxe2+ 20.
Bxe2 Kd8 21. Rd1 Ke7 22. Bc4 Be6 23. Rxd6 Kxd6 24. Bd3 Ke5 25. Kd2 f5 26. g3 c5
27. Ke3 Bd5 28. Be2 b6 29. c3 a5 30. f4+ Ke6 31. Bd3 h6 32. b4 Bc6 33. bxa5
bxa5 34. Ba6 Kd7 35. Kd3 Bd5 36. Bb5+ Kd6 37. Ke3 Bb7 38. Bd3 Bc8 39. Bc4 Be6
40. Bd3 Bd7 41. Kf2 Ke6 42. Bc4+ Ke7 43. Ke3 Be6 44. Kd3 Kd6 45. Bb5 Kd5 46.
Ba4 Kd6 47. Ke3 Bd5 48. Bc2 Be6 49. Bd3 Bd7 50. Kf2 Ke6 51. h3 Kd5 52. Kf3 Kd6
53. Ke3 Be6 54. Bc2 Bd7 55. Bb3 f6 56. Bc2 Bc8 57. Bd3 Bd7 58. Bc4 Bc6 59. Bd3
Bd7 60. Be2 Bc6 1/2-1/2

[Event "Wirtzfeld - Eynatten 1"]
[Site "?"]
[Date "2012.11.18"]
[Round "4.2"]
[White "Edouard, Romain"]
[Black "Dambacher, Martijn"]
[Result "0-1"]
[WhiteElo "2646"]
[BlackElo "2509"]
[PlyCount "58"]
[EventDate "2012.??.??"]

1. d4 Nf6 2. c4 e6 3. Nc3 d5 4. Bg5 Be7 5. e3 h6 6. Bxf6 Bxf6 7. Nf3 O-O 8. Rc1
c6 9. Bd3 Nd7 10. O-O dxc4 11. Bxc4 e5 12. Bb3 exd4 13. exd4 Re8 14. h3 Nf8 15.
Qd3 Be6 16. Bc2 Qb6 17. Na4 Qc7 18. Rfe1 Bd5 19. Red1 Rad8 20. Nh2 Be4 21. Qc3
Bxc2 22. Rxc2 Ne6 23. Rcd2 Nf4 24. Ng4 Ne2+ 25. Rxe2 Rxe2 26. Nxf6+ gxf6 27.
Qc1 Re4 28. Rd3 Rexd4 29. Rg3+ Qxg3 0-1

[Event "Wirtzfeld - Deurne"]
[Site "?"]
[Date "2013.01.13"]
[Round "7.7"]
[White "Sonntag, Hans-Hubert"]
[Black "Van Herck, Marcel"]
[Result "1-0"]
[WhiteElo "2374"]
[BlackElo "2144"]
[PlyCount "71"]
[EventDate "2013.01.13"]

1. d4 Nf6 2. Nf3 d5 3. c4 e6 4. Nc3 c5 5. cxd5 Nxd5 6. e4 Nxc3 7. bxc3 cxd4 8.
cxd4 Bb4+ 9. Bd2 Bxd2+ 10. Qxd2 O-O 11. Bc4 Nd7 12. O-O b6 13. e5 Bb7 14. Qe3
Rc8 15. Bd3 Bxf3 16. Qxf3 Qh4 17. Rad1 Rc7 18. g3 Qh6 19. Rfe1 Rfc8 20. Ba6 Rc3
21. Qb7 R8c7 22. Qa8+ Nf8 23. d5 exd5 24. Rxd5 Rc1 25. Rxc1 Qxc1+ 26. Kg2 Qc6
27. Qxc6 Rxc6 28. Rd2 Rc3 29. Bb7 g5 30. Bd5 Kg7 31. Bb3 Rc5 32. f4 gxf4 33.
gxf4 Ne6 34. f5 Nc7 35. Rd7 Nb5 36. Rxf7+ 1-0

[Event "Wirtzfeld - Deurne"]
[Site "?"]
[Date "2013.01.13"]
[Round "7.5"]
[White "Ris, Robert"]
[Black "Schuermans, Robert"]
[Result "1-0"]
[WhiteElo "2415"]
[BlackElo "2187"]
[PlyCount "51"]
[EventDate "2013.01.13"]

1. c4 Nc6 2. g3 d5 3. Bg2 d4 4. d3 e5 5. Nf3 Nf6 6. O-O Be7 7. b4 e4 8. dxe4
Bxb4 9. Bb2 Bc5 10. Nbd2 O-O 11. Nb3 Nxe4 12. Ne1 Nd6 13. Nxc5 Nxc4 14. Qc2
N4e5 15. Rd1 Qd6 16. Ned3 Bf5 17. Nxb7 Qh6 18. Bc1 g5 19. Qc5 Rfe8 20. Na5 Bxd3
21. exd3 Ng4 22. h3 Nce5 23. hxg4 f6 24. Bxa8 Nxg4 25. Qd5+ Kg7 26. Qd7+ 1-0

[Event "Wirtzfeld - Deurne"]
[Site "?"]
[Date "2013.01.13"]
[Round "7.3"]
[White "Boidman, Yuri"]
[Black "Rooze, Jan"]
[Result "0-1"]
[WhiteElo "2438"]
[BlackElo "2316"]
[PlyCount "86"]
[EventDate "2013.01.13"]

1. e4 c5 2. Nf3 e6 3. Nc3 Nc6 4. Bb5 Nd4 5. Bc4 a6 6. a4 Nf6 7. d3 d5 8. Ba2
Nc6 9. O-O Be7 10. Bg5 O-O 11. Qc1 d4 12. Ne2 b5 13. Ng3 Bb7 14. Re1 Rc8 15.
axb5 axb5 16. Bxf6 Bxf6 17. e5 Be7 18. Qf4 Nb4 19. Bb3 c4 20. dxc4 bxc4 21. Ba4
d3 22. c3 Nd5 23. Qg4 Qb6 24. Ra2 Kh8 25. Nd2 f5 26. exf6 Rxf6 27. Nge4 Rg6 28.
Qd1 Nf4 29. g3 Nh3+ 30. Kf1 Nxf2 31. Nxc4 Nxd1 32. Nxb6 Rf8+ 33. Kg1 Bxe4 34.
Nd7 Nf2 35. Rxe4 Nxe4 36. Nxf8 Bxf8 37. Bc6 Nd6 38. Kf2 Rf6+ 39. Ke3 Nc4+ 40.
Kd4 d2 41. Ba4 e5+ 42. Kxc4 Ra6 43. b4 d1=Q 0-1

[Event "Wirtzfeld - Deurne"]
[Site "?"]
[Date "2013.01.13"]
[Round "7.1"]
[White "Istratescu, Andrei"]
[Black "Froeyman, Helmut"]
[Result "1-0"]
[WhiteElo "2641"]
[BlackElo "2343"]
[PlyCount "53"]
[EventDate "2013.01.13"]

1. c4 f5 2. Nf3 Nf6 3. g3 e6 4. Bg2 Be7 5. O-O O-O 6. b3 d6 7. d4 Ne4 8. Bb2
Bf6 9. e3 Qe7 10. Nfd2 Nxd2 11. Qxd2 e5 12. dxe5 Bxe5 13. Nc3 Nd7 14. Nd5 Qd8
15. Rfd1 Bxb2 16. Qxb2 Rb8 17. Nf4 Qf6 18. Qa3 Nb6 19. h4 Re8 20. Rac1 Qe7 21.
b4 Bd7 22. c5 Nc8 23. cxd6 cxd6 24. Rc7 Qd8 25. Qc3 Re7 26. Rxb7 Rxb7 27. Bxb7
1-0

[Event "Wirtzfeld - CREC"]
[Site "?"]
[Date "2013.02.17"]
[Round "9.8"]
[White "Oberweiss, Paul"]
[Black "Grobelny, Fabrice"]
[Result "1/2-1/2"]
[WhiteElo "2056"]
[BlackElo "1913"]
[PlyCount "34"]
[EventDate "2013.??.??"]

1. e4 c5 2. Nf3 d6 3. d4 cxd4 4. Nxd4 Nf6 5. Nc3 g6 6. Be3 Bg7 7. Bc4 O-O 8. f3
Nc6 9. Qd2 Bd7 10. O-O-O Rc8 11. Bb3 Ne5 12. Kb1 Nc4 13. Bxc4 Rxc4 14. h4 b5
15. g4 b4 16. Nce2 Qc7 17. h5 Rc8 1/2-1/2

[Event "Wirtzfeld - CREC"]
[Site "?"]
[Date "2013.02.17"]
[Round "9.6"]
[White "Gulbas, Cemil"]
[Black "Renard, Jérôme"]
[Result "1-0"]
[WhiteElo "2432"]
[BlackElo "1980"]
[PlyCount "37"]
[EventDate "2013.??.??"]

1. e4 e5 2. Nf3 Nc6 3. Bc4 Bc5 4. c3 d6 5. Bb3 Nf6 6. d3 O-O 7. Nbd2 Bg4 8. h3
Bh5 9. Nf1 d5 10. Qe2 a5 11. a4 Qd7 12. Ng3 Bxf3 13. Qxf3 dxe4 14. dxe4 Rad8
15. Bg5 Qd3 16. Qxd3 Rxd3 17. Bxf6 gxf6 18. Nh5 Be7 19. Bd5 1-0

[Event "Wirtzfeld - CREC"]
[Site "?"]
[Date "2013.02.17"]
[Round "9.2"]
[White "Edouard, Romain"]
[Black "Eliet, Nicolas"]
[Result "1-0"]
[WhiteElo "2686"]
[BlackElo "2389"]
[PlyCount "75"]
[EventDate "2013.??.??"]

1. d4 d5 2. c4 e6 3. Nc3 Nf6 4. Bg5 Be7 5. e3 Nbd7 6. Rc1 O-O 7. cxd5 exd5 8.
Bd3 c6 9. Qc2 Re8 10. Nge2 Nf8 11. O-O Nh5 12. Bxe7 Qxe7 13. Rce1 g6 14. Nc1
Be6 15. f3 Rad8 16. Qf2 Qd6 17. N1e2 c5 18. g4 Ng7 19. e4 cxd4 20. Nb5 Qb8 21.
Ng3 a6 22. Nxd4 dxe4 23. Nxe4 Re7 24. Kh1 Qf4 25. Qh4 f6 26. Ne2 Qe5 27. N2c3
Rf7 28. f4 Qc7 29. Bc2 Qc6 30. Kg1 Bc4 31. Rf2 b5 32. a3 Bd3 33. Bb3 Bc4 34.
Bxc4 bxc4 35. f5 gxf5 36. gxf5 Nd7 37. Rd1 Re8 38. Nd6 1-0

[Event "Wirtzfeld - Borgerhout "]
[Site "?"]
[Date "2013.02.03"]
[Round "8.2"]
[White "Sumets, Andrey"]
[Black "Docx, Stefan"]
[Result "0-1"]
[WhiteElo "2618"]
[BlackElo "2442"]
[PlyCount "106"]
[EventDate "2013.??.??"]

1. d4 Nf6 2. c4 g6 3. Nc3 d5 4. Nf3 Bg7 5. Bf4 O-O 6. e3 c5 7. dxc5 Qa5 8. Rc1
dxc4 9. Bxc4 Qxc5 10. Bb3 Nc6 11. O-O Qa5 12. h3 Bf5 13. Qe2 Ne4 14. Nxe4 Bxe4
15. Rfd1 Qh5 16. Rd7 Rac8 17. Rcd1 e6 18. R1d2 Na5 19. Bc2 Bc6 20. Rc7 e5 21.
Rxc8 Rxc8 22. Bg3 e4 23. Qd1 exf3 24. Rd8+ Rxd8 25. Qxd8+ Bf8 26. Bd6 Qh6 27.
Bxf8 Qxf8 28. Qxa5 fxg2 29. Qxa7 Qc8 30. e4 Be8 31. Kxg2 Qxc2 32. Qxb7 Kg7 33.
Qe7 Qc6 34. b4 h6 35. h4 Qb5 36. Kg3 Bc6 37. f3 Bd7 38. Kf4 Be6 39. a3 Qb8+ 40.
Ke3 Qb6+ 41. Qc5 Qxc5+ 42. bxc5 Kf6 43. a4 Bd7 44. a5 Bc8 45. f4 Ke6 46. Kd4
Bb7 47. e5 Kd7 48. Ke3 Kc6 49. e6 fxe6 50. Kd4 h5 51. Ke5 Kxc5 52. Kxe6 Be4 53.
Ke5 Bf5 0-1

[Event "Wirtzfeld - Borgerhout"]
[Site "?"]
[Date "2013.02.03"]
[Round "8.8"]
[White "Sonntag, Hans-Hubert"]
[Black "Lombaers, Peter"]
[Result "1/2-1/2"]
[WhiteElo "2374"]
[BlackElo "2142"]
[PlyCount "130"]
[EventDate "2013.??.??"]

1. d4 f5 2. Nf3 Nf6 3. g3 e6 4. Bg2 Be7 5. O-O O-O 6. Nbd2 Nc6 7. Re1 d5 8. c3
Kh8 9. b3 Ne4 10. Nxe4 fxe4 11. Nd2 e5 12. e3 Bf5 13. Bb2 Qd7 14. a3 Bg4 15.
Qc2 Nd8 16. c4 c6 17. dxe5 Qf5 18. Rf1 Be2 19. f4 Bxf1 20. Nxf1 Ne6 21. Rd1 Qf7
22. b4 a5 23. cxd5 cxd5 24. Qb3 axb4 25. axb4 Rad8 26. g4 d4 27. f5 dxe3 28.
Rxd8 Nxd8 29. Qxe3 Bxb4 30. Qxe4 Qb3 31. Bc1 Bc5+ 32. Be3 Bxe3+ 33. Nxe3 Nc6
34. e6 Qa3 35. Nd5 Qc5+ 36. Kf1 Ra8 37. Bf3 Ra1+ 38. Kg2 Qg1+ 39. Kh3 Qf1+ 40.
Kg3 Ra2 41. Qe3 Qa1 42. e7 Nxe7 43. Nxe7 Ra3 44. Qe2 Qg1+ 45. Kh4 Qe3 46. Nd5
Qxe2 47. Bxe2 Ra2 48. Nf4 Rb2 49. g5 b5 50. Kg4 b4 51. f6 gxf6 52. gxf6 Rc2 53.
h4 b3 54. Bd3 Rc6 55. Kf5 Kg8 56. Ne6 Rb6 57. Ng5 b2 58. Bb1 Rb5+ 59. Kg4 h6
60. Ba2+ Kh8 61. Nf7+ Kh7 62. Bb1+ Kg8 63. Nxh6+ Kf8 64. Nf5 Rc5 65. Ne3 Rc1
1/2-1/2

[Event "Wirtzfeld - Borgerhout"]
[Site "?"]
[Date "2013.02.03"]
[Round "8.6"]
[White "Gulbas, Cemil"]
[Black "Diepeveen, Vincent"]
[Result "1-0"]
[WhiteElo "2436"]
[BlackElo "2314"]
[PlyCount "117"]
[EventDate "2013.??.??"]

1. e4 c6 2. d4 d5 3. e5 Bf5 4. Nc3 e6 5. g4 Bg6 6. Nge2 c5 7. h4 h5 8. Nf4 Bh7
9. g5 cxd4 10. Nb5 d3 11. g6 Qa5+ 12. c3 Qxb5 13. gxh7 Ne7 14. Bxd3 Qb6 15.
Nxh5 Nd7 16. Qe2 g6 17. Nf6+ Nxf6 18. exf6 Nc6 19. Bxg6 fxg6 20. Qxe6+ Ne7 21.
Qxb6 axb6 22. fxe7 Bxe7 23. Be3 b5 24. O-O-O b4 25. Rxd5 bxc3 26. bxc3 Rxh7 27.
Kb1 Rxh4 28. Rxh4 Bxh4 29. Rb5 O-O-O 30. Rc5+ Kb8 31. Bf4+ Ka7 32. Bc7 Rd1+ 33.
Kc2 b6 34. Kxd1 bxc5 35. Bg3 Bf6 36. c4 Kb6 37. Kc2 Ka5 38. Kb3 Bd4 39. f3 Kb6
40. Be1 Kc6 41. Kc2 Kd6 42. Bg3+ Ke6 43. Kd3 Bf6 44. Ke4 Bc3 45. Bf4 Bb4 46.
Be3 Ba3 47. Bd2 Bb2 48. a4 Bf6 49. a5 Kd6 50. a6 Kc6 51. Be3 Kb6 52. Kd5 Kxa6
53. Kxc5 Kb7 54. Kd6 Kc8 55. Ke6 Bh4 56. Kf7 g5 57. Kg6 Kd7 58. Bxg5 Bf2 59.
Kf5 1-0

[Event "Wirtzfeld - Borgerhout"]
[Site "?"]
[Date "2013.02.03"]
[Round "8.4"]
[White "Winants, Luc"]
[Black "De Haan, Eric"]
[Result "1-0"]
[WhiteElo "2545"]
[BlackElo "2362"]
[PlyCount "179"]
[EventDate "2013.??.??"]

1. d4 e6 2. Nf3 c5 3. e3 Nf6 4. Bd3 b6 5. O-O Bb7 6. c4 Be7 7. Nc3 O-O 8. d5
exd5 9. cxd5 d6 10. e4 Ba6 11. Bxa6 Nxa6 12. a3 Nd7 13. Bf4 Re8 14. Re1 Nc7 15.
Rc1 Nf8 16. Bg3 Ng6 17. Nd2 Bg5 18. Rc2 Bf4 19. Nc4 b5 20. Na5 Bxg3 21. hxg3
Nxd5 22. Nxd5 Qxa5 23. b4 Qxa3 24. Rc3 Qa2 25. Re2 Qa6 26. Nc7 Qb6 27. Nxa8
Rxa8 28. Qd5 Rc8 29. e5 dxe5 30. bxc5 Qc6 31. Qa2 a6 32. Rc1 h5 33. Rd2 h4 34.
gxh4 Nxh4 35. Qd5 Qxd5 36. Rxd5 f6 37. Rd6 Nf5 38. Rxa6 Nd4 39. Kf1 b4 40. Rb6
Nb3 41. Rd1 Rxc5 42. Rxb4 Nd4 43. Rb7 Kh7 44. g3 Rc2 45. Ra1 Kh6 46. Raa7 Ne6
47. Re7 Rc6 48. Kg2 e4 49. Kf1 f5 50. Kg2 Kg5 51. Ra5 g6 52. Rea7 Nc5 53. Ra1
Nd3 54. R7a6 Rc2 55. R1a2 Rc1 56. Ra1 Rc2 57. R6a2 Rc7 58. Re2 Kg4 59. Ra4 Kg5
60. Ra5 Rc1 61. Rxe4 Rc2 62. Rd4 Nxf2 63. Kf3 Kh6 64. Rh4+ Kg5 65. Rd5 Kf6 66.
Rh2 Nd3 67. Rxc2 Ne1+ 68. Ke2 Nxc2 69. Rd6+ Ke5 70. Rxg6 Nd4+ 71. Kf2 Ke4 72.
Rg8 Ke5 73. Ra8 Kf6 74. Ke3 Ne6 75. Ra6 Ke5 76. Kf3 Nd4+ 77. Kf2 Ke4 78. Ra8
Ne6 79. Ra4+ Ke5 80. Kf3 Kf6 81. Ra6 Ke5 82. Ke3 Kf6 83. Kd3 Ke5 84. Ra5+ Kf6
85. Kc4 Kg5 86. Kd5 Ng7 87. Ra8 Kf6 88. Rh8 Kg5 89. Ke5 Nh5 90. Rxh5+ 1-0

[Event "Wirtzfeld - Anderlecht"]
[Site "?"]
[Date "2012.09.23"]
[Round "1.7"]
[White "Tuncer, Ufuk"]
[Black "San Lorenzo, Nordine"]
[Result "1-0"]
[WhiteElo "2323"]
[BlackElo "1696"]
[PlyCount "77"]
[EventDate "2012.09.15"]
[BlackTeam "Anderlecht 1"]

1. e4 e5 2. Nf3 Nc6 3. Bb5 d6 4. O-O a6 5. Ba4 b5 6. Bb3 Na5 7. c3 Nxb3 8. axb3
Nf6 9. Re1 Be7 10. d4 Bg4 11. h3 Bxf3 12. Qxf3 O-O 13. Nd2 Nd7 14. Nf1 Bg5 15.
dxe5 Nxe5 16. Qe2 Bxc1 17. Raxc1 f5 18. exf5 Rxf5 19. Qe4 Rf8 20. f4 Ng6 21.
Qe6+ Kh8 22. g3 Re8 23. Qf5 Re7 24. h4 Qe8 25. Rxe7 Qxe7 26. h5 Nf8 27. h6 Re8
28. hxg7+ Qxg7 29. Rc2 Ng6 30. Rf2 Kg8 31. Qd5+ Qf7 32. Qc6 Re7 33. Qxa6 Qxb3
34. f5 Ne5 35. Qc8+ Kf7 36. f6 Rd7 37. Qh8 Kg6 38. f7 Rxf7 39. Qg8+ 1-0

[Event "Wirtzfeld - Anderlecht"]
[Site "?"]
[Date "2012.09.23"]
[Round "1.3"]
[White "Gulbas, Cemil"]
[Black "Maleki, Manuel"]
[Result "1-0"]
[WhiteElo "2436"]
[BlackElo "2280"]
[PlyCount "49"]
[EventDate "2012.09.15"]

1. e4 c5 2. Nf3 e6 3. d4 cxd4 4. Nxd4 a6 5. Nc3 Qc7 6. g3 b5 7. Bg2 Bb7 8. O-O
d6 9. a4 bxa4 10. Re1 Nd7 11. Rxa4 Ne7 12. Ndb5 axb5 13. Rxa8+ Bxa8 14. Nxb5
Qc6 15. Nxd6+ Kd8 16. Nxf7+ Ke8 17. Nd6+ Kd8 18. Nf7+ Ke8 19. Nxh8 g6 20. Qf3
Ne5 21. Qf6 Qd6 22. Bf4 N7c6 23. Nf7 Qb4 24. Qxe6+ Be7 25. c3 1-0

[Event "Wirtzfeld - Anderlecht"]
[Site "?"]
[Date "2012.09.23"]
[Round "1.1"]
[White "Orlov, Andrey"]
[Black "Hovhanisian, Mher"]
[Result "1/2-1/2"]
[WhiteElo "2527"]
[BlackElo "2500"]
[PlyCount "40"]
[EventDate "2012.09.15"]

1. e4 e6 2. d3 d5 3. Qe2 Be7 4. Nf3 Nf6 5. g3 b6 6. e5 Nfd7 7. Bg2 Bb7 8. O-O
c5 9. c3 Nc6 10. Re1 Qc7 11. Na3 a6 12. Nc2 h6 13. d4 b5 14. a3 cxd4 15. Ncxd4
Nc5 16. Nxc6 Bxc6 17. Be3 O-O 18. Bxc5 Bxc5 19. Nd4 Qb6 20. Qd2 Rfc8 1/2-1/2

[Event "Rochade - Zottegem"]
[Site "?"]
[Date "2012.10.21"]
[Round "3.7"]
[White "Bruehl, Andreas"]
[Black "Van den Heede, Dorian"]
[Result "1/2-1/2"]
[WhiteElo "2320"]
[BlackElo "2080"]
[PlyCount "91"]
[EventDate "2012.??.??"]

1. d4 f5 2. c4 Nf6 3. g3 e6 4. Bg2 d5 5. Nf3 c6 6. O-O Bd6 7. b3 Qe7 8. Bb2 O-O
9. Qc1 b6 10. Ba3 Bb7 11. e3 Nbd7 12. Bxd6 Qxd6 13. Nbd2 Rac8 14. Qb2 Ba6 15.
Rfd1 Ne4 16. Rac1 Qe7 17. b4 Nd6 18. Bf1 Bb7 19. c5 Ne4 20. Ne5 Ndf6 21. Qa3
Ra8 22. Qb3 Qe8 23. Nxe4 Nxe4 24. f3 Ng5 25. b5 cxb5 26. c6 Bxc6 27. f4 Nf7 28.
Nxc6 a6 29. Qb4 Qd7 30. Qe7 Qd6 31. Qxd6 Nxd6 32. Ne7+ Kf7 33. Rc7 Kf6 34. Nc6
Rac8 35. Rxc8 Rxc8 36. Rc1 Nb7 37. Rc2 Na5 38. Nb4 Rxc2 39. Nxc2 Nc4 40. Kf2
Ke7 41. Nb4 a5 42. Nc6+ Kd6 43. Ne5 Na3 44. Ke1 b4 45. Ba6 Nb1 46. g4 1/2-1/2

[Event "Rochade - Zottegem"]
[Site "?"]
[Date "2012.10.21"]
[Round "3.5"]
[White "Coenen, Michael"]
[Black "Ghyselen, Wouter"]
[Result "1-0"]
[WhiteElo "2330"]
[BlackElo "2144"]
[PlyCount "93"]
[EventDate "2012.??.??"]

1. e4 c5 2. Nc3 Nc6 3. Nf3 d6 4. d4 cxd4 5. Nxd4 Nf6 6. Be2 e5 7. Nb3 Be7 8.
Be3 Be6 9. f3 d5 10. exd5 Nxd5 11. Nxd5 Qxd5 12. Qxd5 Bxd5 13. O-O-O O-O-O 14.
c3 Kb8 15. Kb1 Rhe8 16. Bd3 h6 17. Bf2 Bf8 18. Rhe1 g6 19. Bb5 a6 20. Bxc6 Bxc6
21. Rxd8+ Rxd8 22. Rxe5 Bd6 23. Re1 Bxh2 24. Nd4 Bd6 25. Nxc6+ bxc6 26. Bd4 Kc7
27. Bf6 Ra8 28. Kc2 Kd7 29. Rh1 h5 30. Rh4 Re8 31. Kd1 Re6 32. Bg5 Be7 33. Bxe7
Kxe7 34. Rc4 Kd7 35. Rf4 f6 36. Kd2 c5 37. Kd3 Kc6 38. Ra4 Kb5 39. b3 Re1 40.
Re4 Rxe4 41. Kxe4 Kc6 42. a3 Kd6 43. b4 cxb4 44. cxb4 Ke6 45. a4 g5 46. f4 f5+
47. Kf3 1-0

[Event "Rochade - Zottegem"]
[Site "?"]
[Date "2012.10.21"]
[Round "3.3"]
[White "Rausis, Igor"]
[Black "Roos, Adrian"]
[Result "1/2-1/2"]
[WhiteElo "2496"]
[BlackElo "2254"]
[PlyCount "125"]
[EventDate "2012.??.??"]

1. e4 c5 2. c3 Nf6 3. e5 Nd5 4. Nf3 e6 5. Na3 d6 6. exd6 Bxd6 7. Nc4 Be7 8. g3
O-O 9. Bg2 Nc6 10. O-O Bf6 11. Re1 Qc7 12. d3 b5 13. Ne3 Nb6 14. Ng4 Be7 15. d4
Bb7 16. Bf4 Qc8 17. dxc5 Bxc5 18. Ng5 Be7 19. Qd3 Bxg5 20. Bxg5 f6 21. Be3 Nc4
22. Bc5 Rd8 23. Qe2 N6e5 24. Nxe5 Bxg2 25. Nxc4 Bd5 26. Ne3 Qxc5 27. Nxd5 exd5
28. Qe6+ Kh8 29. Rad1 b4 30. Qe7 Qxe7 31. Rxe7 bxc3 32. bxc3 Kg8 33. Rb1 Re8
34. Rd7 Red8 35. Rbb7 Rxd7 36. Rxd7 Rc8 37. Rxd5 Rxc3 38. Rd8+ Kf7 39. Rd7+ Kg6
40. Rxa7 h5 41. Kg2 Rd3 42. h4 Rc3 43. Ra5 Rd3 44. Kf1 Rd2 45. a3 Rc2 46. Ra7
Rb2 47. Re7 Ra2 48. Re3 Kf5 49. Kg2 g6 50. Kf3 g5 51. Rb3 gxh4 52. gxh4 Ra1 53.
Rb5+ Kg6 54. Ra5 Re1 55. Ra4 Ra1 56. Ke4 Rh1 57. Kd5 Rh3 58. Kc6 Rf3 59. Kb6
Rxf2 60. Rb4 f5 61. a4 f4 62. a5 Kf5 63. a6 1/2-1/2

[Event "Rochade - Zottegem"]
[Site "?"]
[Date "2012.10.21"]
[Round "3.1"]
[White "Berelowitch, Alexander"]
[Black "De Schampheleire, Glen"]
[Result "1-0"]
[WhiteElo "2582"]
[BlackElo "2311"]
[PlyCount "63"]
[EventDate "2012.??.??"]

1. e4 c6 2. d4 d5 3. Nc3 dxe4 4. Nxe4 Bf5 5. Ng3 Bg6 6. h4 h6 7. Nf3 Nd7 8. h5
Bh7 9. Bd3 Bxd3 10. Qxd3 e6 11. Bd2 Ngf6 12. O-O-O Be7 13. Rhe1 O-O 14. Qe2 c5
15. Nf5 Re8 16. Nxe7+ Qxe7 17. d5 Qd6 18. dxe6 Rxe6 19. Qb5 Qb6 20. Qxb6 axb6
21. Rxe6 fxe6 22. a3 Nf8 23. Bc3 Nxh5 24. Rd6 Nf4 25. Rxb6 Nd5 26. Rxb7 Nxc3
27. bxc3 Rxa3 28. Ne5 Ra1+ 29. Kd2 Kh7 30. c4 Ng6 31. Nd7 Rf1 32. Nf6+ 1-0

[Event "Rochade - Wirtzfeld"]
[Site "?"]
[Date "2013.03.03"]
[Round "10.8"]
[White "Meessen, Rudolf"]
[Black "Hautot, Stéphane"]
[Result "1/2-1/2"]
[WhiteElo "2277"]
[BlackElo "2375"]
[PlyCount "33"]
[EventDate "2013.03.02"]

1. e4 d6 2. d4 Nf6 3. f3 e5 4. dxe5 dxe5 5. Qxd8+ Kxd8 6. Bc4 Ke8 7. Be3 Nbd7
8. Nd2 Bc5 9. Bxc5 Nxc5 10. Ne2 Ke7 11. O-O c6 12. b4 Ne6 13. c3 Rd8 14. Rfd1
b5 15. Bb3 a5 16. Nf1 Rxd1 17. Rxd1 1/2-1/2

[Event "Rochade - Wirtzfeld"]
[Site "?"]
[Date "2013.03.03"]
[Round "10.6"]
[White "Glek, Igor"]
[Black "Winants, Luc"]
[Result "1-0"]
[WhiteElo "2420"]
[BlackElo "2543"]
[PlyCount "51"]
[EventDate "2013.03.02"]

1. e4 e5 2. Nf3 Nc6 3. Nc3 Nf6 4. g3 d5 5. exd5 Nxd5 6. Bg2 Nxc3 7. bxc3 Bc5 8.
O-O O-O 9. d3 Re8 10. Re1 Bg4 11. h3 Bh5 12. g4 Bg6 13. Ng5 Bb6 14. a4 Qd7 15.
h4 h6 16. Ne4 f5 17. gxf5 Qxf5 18. Be3 Rf8 19. Ng3 Qf6 20. Qg4 Kh8 21. Kh2 Bf7
22. Ne4 Qe7 23. Bh3 Nd8 24. Rg1 Be6 25. Qh5 Bxh3 26. Bxh6 1-0

[Event "Rochade - Wirtzfeld"]
[Site "?"]
[Date "2013.03.03"]
[Round "10.4"]
[White "Feygin, Michael"]
[Black "Van den Doel, Erik"]
[Result "0-1"]
[WhiteElo "2528"]
[BlackElo "2571"]
[PlyCount "82"]
[EventDate "2013.03.02"]

1. e4 e5 2. Nf3 Nc6 3. Bb5 a6 4. Bxc6 dxc6 5. O-O Qd6 6. Na3 Be6 7. b3 Ne7 8.
Bb2 Ng6 9. d4 O-O-O 10. Nxe5 Nxe5 11. dxe5 Qxa3 12. Qxd8+ Kxd8 13. Bxa3 Bxa3
14. f4 Ke7 15. Kf2 g5 16. f5 Bc8 17. Rab1 Bc5+ 18. Kf3 Bd4 19. h4 Rg8 20. hxg5
Rxg5 21. Rh1 h5 22. Rh3 Bxe5 23. Rbh1 c5 24. Rxh5 Rg3+ 25. Kf2 Rc3 26. g4 Bd7
27. g5 Bc6 28. g6 Bxe4 29. g7 Bxg7 30. Re1 Bd4+ 31. Kf1 Rf3+ 32. Ke2 Re3+ 33.
Kd2 Rxe1 34. Kxe1 Bxc2 35. Kd2 Bb1 36. a4 Kf6 37. Rh6+ Kxf5 38. Rh7 Ke6 39. Rh1
Be4 40. Rh6+ Bg6 41. Rh4 a5 0-1